| 000 | 00333nam a2200133Ia 4500 | ||
|---|---|---|---|
| 008 | 210210b2001 xxu||||| |||| 00| 0 eng d | ||
| 082 | _a370 RAVH | ||
| 100 | _aRAVI (N). | ||
| 245 | _aHindu speaks on education. | ||
| 260 |
_aChennai. _bKasturi and Sons Limited _c2001 |
||
| 300 | _avii,390 | ||
| 690 | _aEducation | ||
| 906 | _a057218 | ||
| 999 |
_c104571 _d104571 |
||